| 000 | 00000nam##2200000za#4500 |
| 001 | 9.697214 |
| 003 | CaOODSP |
| 005 | 20220125145842 |
| 007 | cr ||||||||||| |
| 008 | 150407|2006||||xxc|||||o f|0| 0 eng|d |
| 040 | |aCaOODSP|beng |
| 043 | |an-cn--- |
| 086 | 1 |aD2-314/1-2006E-PDF |
| 110 | 1 |aCanada. |bDepartment of National Defence. |
| 245 | 10|aEthics in the Canadian Forces : |h[electronic resource]|bmaking tough choices - workbook / |cPublished under the auspices of the Chief of the Defence Staff by the Canadian Defence Academy – Canadian Forces Leadership Institute. |
| 260 | |aOttawa - Ontario : |bNational Defence |cc2006. |
| 300 | |a111p.|bfigs., glossary |
| 590 | |a13-03-Supp|b2013-02-11 |
| 690 | 07|aArmed forces|2gcpds |
| 690 | 07|aEthics|2gcpds |
| 775 | 08|tL'éthique dans les Forces canadiennes : |w(CaOODSP)9.641281 |
| 856 | 40|ahttp://publications.gc.ca|qPDF|s807 KB|uhttps://publications.gc.ca/collections/collection_2013/dn-nd/D2-314-1-2006-eng.pdf |
| 986 | |aNDID Number: A-PA-050-000/AP-001 |